Clusters, mercados de competencia imperfecta y autoorganización: la economía como un sistema complejo /

Bewaard in:
Bibliografische gegevens
Hoofdauteur: Acuña O., Marvin
Formaat: Texto
Tags: Voeg label toe
Geen labels, Wees de eerste die dit record labelt!

MARC

LEADER 00000 a a2200000 04500
001 47429
003
040
100 |a Acuña O., Marvin  
245 |a Clusters, mercados de competencia imperfecta y autoorganización:   |b la economía como un sistema complejo /  |c Marvin Acuña O.  
773 |g volumen31, número2, (2013), páginas 157-177  
999 |c 38211  |d 38211